Music Quiz

Random Music or Lyrics Quiz

Famous Songs That Aren't Quite There Quiz Stats

 Plays Quiz Updated Oct 2, 2014

Challenge
Share
Tweet
Embed
Score 0/18 Timer 08:00
0 Plays Today
% Correct
Simon & Garfunkel
89.8%
Eagles
84.3%
Band Aid
76.6%
Bill Withers
73.7%
Joni Mitchell
72.9%
America
71.4%
Red Hot Chili Peppers
63.2%
Elton John
61.7%
The Beatles
60.2%
% Correct
John Mayer
57.6%
Sex Pistols
56.3%
Blind Melon
56.2%
Bob Dylan
54.2%
Goo Goo Dolls
50.8%
Billy Idol
50.6%
Terry Jacks
50.3%
Hall & Oates
48.3%
The Zombies
47.8%

You're not logged in!

Compare scores with friends on all Sporcle quizzes.
Join for Free
OR
Log In

You Might Also Like...

Show Comments

Extras

Top Quizzes Today


Score Distribution

Your Account Isn't Verified!

In order to create a playlist on Sporcle, you need to verify the email address you used during registration. Go to your Sporcle Settings to finish the process.

Report this User

Report this user for behavior that violates our Community Guidelines.

Details: